Online katalóg knižníc regiónu Turca

Tajomstvo Budhovho úsmevu, alebo, Dám všetko, čo viem, za polovičku toho, čo neviem (Record no. 22958)

MARC details
000 -LEADER
fixed length control field 01493cam a2200457 a 4500
001 - CONTROL NUMBER
control field 22958
003 - CONTROL NUMBER IDENTIFIER
control field SK-KTurca
005 - DATE AND TIME OF LATEST TRANSACTION
control field 20260513080113.0
008 - FIXED-LENGTH DATA ELEMENTS--GENERAL INFORMATION
fixed length control field 180806s2010 xo o g 000 1 slo
015 ## - NATIONAL BIBLIOGRAPHY NUMBER
National bibliography number SNBA2011/01-00165
020 ## - INTERNATIONAL STANDARD BOOK NUMBER
International Standard Book Number 9788055123165
Qualifying information (brož.)
035 ## - SYSTEM CONTROL NUMBER
System control number 5888235C-54A6-46EB-BCC4-EBFB07D533AB
035 ## - SYSTEM CONTROL NUMBER
System control number urn:nbn:sk:snk-amleip
035 ## - SYSTEM CONTROL NUMBER
System control number urn:nbn:sk:snk-am008yh4
040 ## - CATALOGING SOURCE
Original cataloging agency SNK
Language of cataloging slo
Transcribing agency SNK
Description conventions AACR2
041 0# - LANGUAGE CODE
Language code of text/sound track or separate title slo
043 ## - GEOGRAPHIC AREA CODE
Geographic area code a-ce---
044 ## - COUNTRY OF PUBLISHING/PRODUCING ENTITY CODE
MARC country code xo
ISO country code SK
072 #7 - SUBJECT CATEGORY CODE
Subject category code 821.162.4-3
Subject category code subdivision Slovenská próza
Source konspekt
080 ## - UNIVERSAL DECIMAL CLASSIFICATION NUMBER
Universal Decimal Classification number 821.162.4-3
Edition identifier 2011
080 ## - UNIVERSAL DECIMAL CLASSIFICATION NUMBER
Universal Decimal Classification number (0:82-992)
Edition identifier 2011
100 1# - MAIN ENTRY--PERSONAL NAME
Personal name Filan, Boris,
Dates associated with a name 1949-
Relationship aut
-- pht
245 10 - TITLE STATEMENT
Title Tajomstvo Budhovho úsmevu, alebo, Dám všetko, čo viem, za polovičku toho, čo neviem
Statement of responsibility, etc. Boris Filan ; [mapy Dávid a Ivan Popovič]
246 30 - VARYING FORM OF TITLE
Title proper/short title Dám všetko, čo viem, za polovičku toho, čo neviem
250 ## - EDITION STATEMENT
Edition statement 1. vyd.
260 ## - PUBLICATION, DISTRIBUTION, ETC.
Place of publication, distribution, etc. Bratislava
Name of publisher, distributor, etc. Ikar
Date of publication, distribution, etc. 2010
300 ## - PHYSICAL DESCRIPTION
Extent 191 s.
Other physical details fareb. fotogr.
Dimensions 21 cm
490 1# - SERIES STATEMENT
Series statement Svet gombička
651 #7 - SUBJECT ADDED ENTRY--GEOGRAPHIC NAME
Geographic name Srí Lanka
Source of heading or term SNKPHgeo
651 #7 - SUBJECT ADDED ENTRY--GEOGRAPHIC NAME
Geographic name Srí Lanka
Source of heading or term SNKPHeng
655 #7 - INDEX TERM--GENRE/FORM
Genre/form data or focus term slovenské prózy
Source of term SNKPH
655 #7 - INDEX TERM--GENRE/FORM
Genre/form data or focus term Slovak prose
Source of term SNKPHeng
655 #7 - INDEX TERM--GENRE/FORM
Genre/form data or focus term cestopisy
Source of term SNKPH
655 #7 - INDEX TERM--GENRE/FORM
Genre/form data or focus term Books of travels
Source of term SNKPHeng
700 1# - ADDED ENTRY--PERSONAL NAME
Personal name Popovič, Ivan,
Dates associated with a name 1944-
Relationship ctg
700 1# - ADDED ENTRY--PERSONAL NAME
Personal name Popovič, Dávid,
Dates associated with a name 1967-
Relationship ctg
830 #0 - SERIES ADDED ENTRY--UNIFORM TITLE
Uniform title Svet gombička
942 ## - ADDED ENTRY ELEMENTS (KOHA)
Source of classification or shelving scheme Dewey Decimal Classification
Koha item type Odborná literatúra pre dospelých
Suppress in OPAC No
Holdings
Stav vyradenia Strata Poškodenie Spôsob nadobudnutia Domovská knižnica Aktuálna knižnica Dátum nadobudnutia Total checkouts Čiarový kód exemplára Date last seen Typ exemplára
      Dar Obecná knižnica Turčianska Štiavnička Obecná knižnica Turčianska Štiavnička 13.05.2026   4738001252 13.05.2026 Odborná literatúra pre dospelých
Projekt je podporený Slovenskou asociáciou knižníc
Prevádzkuje Turčianska knižnica Martin 2026